La edad media /
Guardado en:
| Autor Principal: | |
|---|---|
| Formato: | Libro |
| Publicado: |
Buenos Aires :
Fondo de Cultura Econ¢mica,
1966
|
| Edición: | 7a. ed. |
| Materias: | |
| Etiquetas: |
Agregar Etiqueta
Sin Etiquetas, Sea el primero en etiquetar este registro!
|
| LEADER | 00559nam a22001935a 4500 | ||
|---|---|---|---|
| 001 | CEM.cems005591 | ||
| 005 | 20060221000000.0 | ||
| 008 | 130507s1966##################000#0#####d | ||
| 003 | CEMS | ||
| 082 | 0 | 4 | |a 940.1 |
| 100 | 1 | |a Romero, José Luis | |
| 245 | 1 | 0 | |a La edad media / |
| 250 | |a 7a. ed. | ||
| 260 | |a Buenos Aires : |b Fondo de Cultura Econ¢mica, |c 1966 | ||
| 300 | |a 214 p. | ||
| 653 | |a Edad media | ||
| 653 | |a Historia | ||
| 859 | |a CEMS |b BIB. CEMS - 11 de abril |h 940.1 |i R664a7 |p 3502.75 |t Ej.1 | ||
| 859 | |a CEMS |b BIB. CEMS - 11 de abril |h 940.1 |i R664a7 |p 3505.75 |t Ej.2 | ||
